Loading...
| History - European | 2 | 4 | 0 | 1 | 70 | 48 | 82.83 | 1 | 4 | 19.11 | 35.23 |
| History - Other | 1 | 3 | 1 | 1 | 40 | 59 | 98.25 | 1 | 1 | 10.63 | 23.75 |
| Mythology | 0 | 4 | 0 | 0 | 40 | 109 | 123.25 | 0 | 1 | 4.35 | 16.25 |
| History - American | 0 | 4 | 2 | 0 | 30 | 90 | 101.25 | 0 | 1 | 7.68 | 17.05 |
| Philosophy | 0 | 3 | 1 | 0 | 25 | 115 | 123.00 | 0 | 2 | 2.21 | 15.91 |
| Literature - European | 0 | 2 | 0 | 0 | 20 | 103 | 125.00 | 0 | 1 | 2.46 | 7.95 |
| Social Science | 0 | 2 | 0 | 1 | 20 | 102 | 115.00 | 0 | 1 | 2.05 | 6.25 |
| Literature - British | 0 | 2 | 0 | 1 | 20 | 117 | 123.00 | 0 | 0 | 1.10 | 3.41 |
| Fine Arts - Visual | 0 | 2 | 0 | 1 | 20 | 130 | 140.00 | 0 | 0 | 1.11 | 3.41 |
| History - World | 0 | 3 | 3 | 1 | 15 | 104 | 117.67 | 0 | 1 | 3.58 | 9.38 |
| Literature - American | 0 | 2 | 1 | 0 | 15 | 153 | 153.50 | 0 | 0 | 0.12 | 2.27 |
| Literature - World | 0 | 1 | 0 | 0 | 10 | 147 | 147.00 | 0 | 0 | 0.06 | 1.14 |
| Geography | 0 | 1 | 0 | 0 | 10 | 127 | 127.00 | 0 | 0 | 0.39 | 6.25 |
| Fine Arts - Auditory | 0 | 2 | 2 | 0 | 10 | 114 | 116.00 | 0 | 0 | 1.97 | 10.23 |
| Other Academic | 0 | 1 | 0 | 0 | 10 | 112 | 112.00 | 0 | 0 | 7.89 | 18.75 |
| Religion | 0 | 2 | 2 | 0 | 10 | 106 | 117.50 | 0 | 0 | 1.74 | 15.00 |
| Religion- | 0 | 1 | 0 | 1 | 10 | 137 | 137.00 | 0 | 0 | 1.74 | 15.00 |
| Science - Chemistry | 0 | 1 | 0 | 0 | 10 | 113 | 113.00 | 0 | 0 | 0.31 | 3.41 |
| Science - Other | 0 | 1 | 0 | 1 | 10 | 133 | 133.00 | 0 | 0 | 0.07 | 1.14 |
| Fine Arts - Other | 0 | 1 | 2 | 0 | 0 | 147 | 147.00 | 0 | 0 | 0.41 | 4.55 |
| Mythology- Edited | 0 | 0 | 1 | 0 | -5 | 0.00 | 0 | 0 | 0.00 | 0.00 | |
| Science - Physics | 0 | 0 | 1 | 0 | -5 | 0.00 | 0 | 0 | 0.00 | 0.00 | |
| Science - Biology | 0 | 0 | 1 | 0 | -5 | 0.00 | 0 | 0 | 0.00 | 0.00 |